000
00235nam a2200097Ia 4500
082
_a
EF MACN
245
0
_a
Dark winter
100
_a
McNAB, Andy London, 2003
_9
61059
942
_c
BK
008
210817s9999 xx 000 0 und d
999
_c
192099
_d
192098